| Tag |
First Indicator |
Second Indicator |
Subfields |
| LEADER |
00000cam a2200000 a 4500 |
| 001 |
in00000085201 |
| 005 |
20151008055805.0 |
| 008 |
820406s1982 gw a b 00100 eng d |
| 020 |
|
|
|a 0387113681 (N.Y.)
|
| 020 |
|
|
|a 3540113681 (Berlin)
|
| 035 |
|
|
|a (OCoLC)08312096
|
| 035 |
|
|
|9 AAJ4398AM
|
| 040 |
|
|
|a RCE
|c RCE
|d TXA
|d UtOrBLW
|
| 049 |
|
|
|a TXAM
|c [801007]
|
| 090 |
|
|
|a TK7874
|b .V48 1982
|
| 245 |
0 |
0 |
|a Very large scale integration (VLSI) :
|b fundamentals and applications /
|c editor, D.F. Barbe ; with contributions by D.F. Barbe [and others].
|
| 250 |
|
|
|a 2nd corr. and updated ed.
|
| 264 |
|
1 |
|a Berlin ;
|a New York :
|b Springer-Verlag,
|c 1982.
|
| 300 |
|
|
|a x, 302 pages :
|b illustrations ;
|c 24 cm.
|
| 336 |
|
|
|a text
|b txt
|2 rdacontent
|
| 337 |
|
|
|a unmediated
|b n
|2 rdamedia
|
| 338 |
|
|
|a volume
|b nc
|2 rdacarrier
|
| 490 |
1 |
|
|a Springer series in electrophysics ;
|v v. 5
|
| 504 |
|
|
|a Includes bibliographical references and indexes.
|
| 650 |
|
0 |
|a Integrated circuits
|x Very large scale integration.
|
| 700 |
1 |
|
|a Barbe, D. F.
|q (David F.),
|d 1939-
|
| 830 |
|
0 |
|a Springer series in electrophysics ;
|v v. 5.
|
| 999 |
|
|
|a MARS
|
| 999 |
f |
f |
|s ead36523-5256-3d3a-a593-a10b5482c0ef
|i 6f9294bc-773f-332c-bac3-4b796a2679cd
|t 0
|
| 952 |
f |
f |
|p normal
|a Texas A&M University
|b College Station
|c Sterling C. Evans Library
|d Evans: Library Stacks
|t 0
|e TK7874 .V48 1982
|h Library of Congress classification
|i unmediated -- volume
|m A14806252377
|
| 998 |
f |
f |
|a TK7874 .V48 1982
|t 0
|l Evans: Library Stacks
|